Álbumes de Melendi - Estadísticas

Estadísticas generales
  • Esta prueba ha sido intentada 21 veces
  • La puntuación promedio es 14 de 17
Estadísticas de respuestas
Imagen Respuesta % Correcto
Lágrimas desordenadas
100%
Mientras no cueste trabajo
100%
20 años sin noticias
95%
Caminando por la vida
95%
Directo a septiembre
95%
Que el cielo espere sentao
95%
Un alumno más
95%
Volvamos a empezar
95%
Yo me veo contigo
95%
10:20:40
90%
Quítate las gafas
90%
Sin noticias de Holanda
90%
Cuestión de directo
80%
Curiosa la cara de tu padre
80%
Likes y cicatrices
75%
Ahora
35%
Nuestro mundo
10%
No se encontraron pruebas coincidentes
Distribución de puntuación
Porcentaje de gente con cada puntuación
Porcentaje por número respondido
Historial de tus puntuaciones
No has intentado esta prueba.